000 nam a22 7a 4500
999 _c10170
_d10170
008 180212b ||||| |||| 00| 0 eng d
100 _aArora,S.L.
_96173
245 _aComputer Science-XI
260 _aNew Delhi
_bDhanpat
_c2009